Restauración del patrimonio arquitectónico de la ciudad de Masaya

Este trabajo, además de ser una nueva referencia, tiene como objetivo principal manifestar bajo una selección cuantitativa y cualitativa aquellas instalaciones físicas, que deben ser preservadas.

Bibliographic Details
Main Author: Enríquez Aldama.
Other Authors: Tutor: Brockmann Estrada, José Guillermo
Format: Tesis Section = Libro
Language:Undetermined
Spanish
Published: Managua Universidad Nacional Autónoma de Nicaragua (UNAN) 1977
Subjects:
LEADER 00913nam a2200205Ia 4500
008 240830s9999 xx 000 0 und d
040 |a BIBLIOTECA-RUSB/ Mon 711.4 R436 
041 |a spa 
082 |a Mon 711.4 R436 
100 1 |a Enríquez Aldama. 
245 1 0 |a Restauración del patrimonio arquitectónico de la ciudad de Masaya 
260 |a Managua  |b Universidad Nacional Autónoma de Nicaragua (UNAN)  |c 1977 
300 |a 102 p. :il. 
502 |a Tesis (Arquitecto) - Universidad Nacional Autónoma de Nicaragua (UNAN), 1977. 
520 3 |a Este trabajo, además de ser una nueva referencia, tiene como objetivo principal manifestar bajo una selección cuantitativa y cualitativa aquellas instalaciones físicas, que deben ser preservadas. 
650 7 |a CIUDADES (PLANES Y PLANIFICACION DE LOCALES) 
700 1 |a Tutor:  |b Brockmann Estrada, José Guillermo 
942 |c BK  |2 ddc 
991 |a TESIS 
999 |c 20960